Múzeum múzeí Slovenské oltáre v Paríži

Bibliographic Details
Main Authors: Trojanová, Eva (Author), Jarošová, Zuzana, 1955- (Author)
Format: Article
Language:Slovak
PhysicalDescription:Fot. 4.
Subjects:

MARC

LEADER 00000nab a2200000 a 4500
001 vtls000454367
003 SK-MaSNL
005 20260426071447.0
008 140422c1992 xo 0 slo
015 |a SNBRB19rr/mm-uuuuu 
035 |a CL0454498 
040 |a SNKBUCL  |b slo  |c SNKBUCL  |e AACR2 
041 0 |a slo 
044 |a xo  |c SK 
080 |a 73/76.046:069.5  |2 1981 
080 |a 069.5  |2 1981 
080 |a 069.6.02  |2 1981 
080 |a 73/76  |2 1981 
100 1 |a Trojanová, Eva  |4 aut  |9 5049 
245 1 0 |a Múzeum múzeí  |b Slovenské oltáre v Paríži  |c Eva Trojanová, Zuzana Jarošová 
300 |b Fot. 4. 
650 0 7 |a oltáre  |2 snkbucl  |9 3030 
650 0 7 |a Medzinár. salón múzeí a expozícií 1992, Paríž  |2 snkbucl  |9 1304788 
651 7 |a Slovensko  |2 snkbucl  |9 14231 
655 7 |a články z novín a časopisov  |2 snkbucl  |9 267496 
700 1 |a Jarošová, Zuzana,  |d 1955-  |4 aut  |9 199861 
773 0 |t Literárny týždenník  |g Roč. 5, č. 9 (1992), s. 14 
850 |a Slovenská národná knižnica v Martine  |a MTA001 
852 |a SNK  |b KIS3GCP 
958 |a RK 
999 |c 2678734  |d 2680664